|
|
|
|
| LEADER |
00000nas a22000007i 4500 |
| 001 |
ssj0000504573 |
| 003 |
WaSeSS |
| 005 |
20200512172242.0 |
| 006 |
m d |
| 007 |
cr n |
| 008 |
071221c20059999nyumr p s | a0eng |
| 010 |
|
|
|a 2016201649
|
| 022 |
|
|
|y 2472-0380
|
| 035 |
|
|
|a (WaSeSS)ssj0000504573
|
| 037 |
|
|
|b Questex LLC, 757 Third Ave., 5th Floor, New York, NY 10017
|c $8.00 (single issue)
|c $110.00 (per year otherwise free if qualified)
|
| 040 |
|
|
|a UKWOH
|b eng
|c UKWOH
|d OCLCQ
|d CS1
|d LND
|d DLC
|d OCLCO
|d OCLCF
|d OCLCO
|d VT2
|d WaSeSS
|
| 042 |
|
|
|a pcc
|a nsdp
|
| 082 |
1 |
0 |
|a 910.2
|2 23
|
| 222 |
|
0 |
|a Luxury travel advisor
|b (Online)
|
| 245 |
0 |
0 |
|a Luxury travel advisor
|h [electronic resource].
|
| 260 |
|
|
|a [New York, New York] :
|b Questex Media Group LLC
|
| 310 |
|
|
|a Monthly
|
| 362 |
1 |
|
|a Began with: April 2005.
|
| 500 |
|
|
|a Inspiring and educating sellers of affluent travel.
|
| 506 |
|
|
|a License restrictions may limit access.
|
| 588 |
|
|
|a Description based on: April 2011; title from pdf cover (luxurytraveldigital.com, viewed Apr. 20, 2016).
|
| 588 |
|
|
|a Latest issue consulted: April 2016 (viewed Apr. 20, 2016).
|
| 650 |
|
0 |
|a Travel
|v Periodicals.
|
| 650 |
|
0 |
|a Tourism
|v Periodicals.
|
| 650 |
|
7 |
|a Tourism.
|2 fast
|0 (OCoLC)fst01153142
|
| 650 |
|
7 |
|a Travel.
|2 fast
|0 (OCoLC)fst01155558
|
| 655 |
|
0 |
|a Electronic journals.
|
| 710 |
2 |
|
|a Questex Media Group, Inc.
|
| 773 |
0 |
|
|t Hospitality & Tourism Complete
|d Ipswich, MA : EBSCO Publishing, 1999-
|
| 776 |
0 |
8 |
|i Print version:
|t Luxury travel advisor
|x 2472-0380
|w (DLC) 2016201648
|w (OCoLC)946992481
|
| 856 |
4 |
0 |
|z Full text available from Research Library: 07/01/2013 to present
|u https://search.proquest.com/publication/2030510
|